Mudanza imposible (Record no. 163011)

MARC details
000 -LEADER
campo de control de longitud fija 00560nam a2200169 i 4500
001 - NÚMERO DE CONTROL
campo de control 163011
003 - IDENTIFICADOR DE NÚMERO DE CONTROL
campo de control ES-MaACL
005 - FECHA Y HORA DE LA ÚLTIMA TRANSACCIÓN
campo de control 20230906212640.0
008 - DATOS DE LONGITUD FIJA--INFORMACIÓN GENERAL
campo de control de longitud fija 050707s1882 sp | |||||||| ||spa d
040 ## - FUENTE DE CATALOGACIÓN
Centro catalogador/agencia de origen CAM
Lengua de catalogación spa
Centro/agencia transcriptor CAM
100 1# - ENTRADA PRINCIPAL--NOMBRE DE PERSONA
Nombre de persona Real, Enrique.
9 (RLIN) 131638
245 10 - MENCIÓN DEL TÍTULO
Título Mudanza imposible
Resto del título : pequeño poema /
Mención de responsabilidad, etc. Enrique Real.
260 ## - PUBLICACIÓN, DISTRIBUCIÓN, ETC.
Lugar de publicación, distribución, etc. Badajoz :
Nombre del editor, distribuidor, etc. [s.n.],
Fecha de publicación, distribución, etc. 1882 (
Fabricante Tipografia La Industria de Uceda hermanos)
300 ## - DESCRIPCIÓN FÍSICA
Extensión 12 p. ;
Dimensiones 15 cm.
752 ## - ENTRADA AGREGADA--NOMBRE JERÁRQUICO DEL LUGAR
País o entidad superior España -
Ciudad Badajoz
852 ## - LOCALIZACIÓN
Ubicación ES-MaACL
Número de control de estantería T-478-F-6
Nota libre -- Enc. hol.
-- -- Enc. en un vol. facticio
Holdings
Estatus retirado Estado de pérdida Estado de daño No para préstamo Colección Biblioteca de origen Biblioteca actual Ubicación en estantería Fecha de adquisición Total de préstamos Signatura topográfica completa Código de barras Visto por última vez Precio de reemplazo Tipo de ítem Koha
        Colección de folletos Biblioteca del Ateneo de Madrid Biblioteca del Ateneo de Madrid Depósito folletos 17/01/2008   T-478-F-6 1170792 23/02/2023 23/02/2023 Folleto